Smiling Critters - Statystyki

Ogólne statystyki
  • Ten quiz został rozwiązany 3 razy
  • Średni wynik to 5 z 8
Statystyki odpowiedzi
Odpowiedź % Poprawnych
Catnap
100%
Dogday
100%
Bobby Bearhug
67%
Craftycorn
67%
Kicken Chicken
67%
Bubba Bubbaphant
33%
Hoppy Hopscotch
33%
Picky Piggy
33%
Nie znaleziono quizów pasujących do podanych kryteriów
Rozkład punktacji
Procent ludzi z każdym wynikiem
Percentyl według liczby udzielonych odpowiedzi
Twoja historia wyników
Nie rozwiązałeś tego quizu